| 000 | 01316cam a2200373 i 4500 | ||
|---|---|---|---|
| 001 | 200443122 | ||
| 999 |
_c200443122 _d61334 |
||
| 003 | TR-AnTOB | ||
| 005 | 20240810073810.0 | ||
| 007 | ta | ||
| 008 | 031023s1995 tu 00000 tur d | ||
| 020 | _a9751909791 | ||
| 020 | _a9789751909794 | ||
| 040 |
_aTVG _beng _erda _cTVG _dOCLCQ _dTR-AnTOB |
||
| 041 | 0 |
_atur _beng |
|
| 050 | 4 |
_aHD7096.T9 _bT863 1995 |
|
| 090 |
_aHD7096.T9 _bT863 1995 |
||
| 100 | 1 |
_aTuna, Yılmaz _eauthor _9139674 |
|
| 245 | 1 | 0 |
_aİşsizlik sigortasının yapısı, sosyal ve ekonomik etkileri / _cYılmaz Tuna. |
| 264 | 1 |
_aAnkara : _bDevlet Planlama Teşkilatı, _c1995. |
|
| 300 |
_avii, 171 pages : _billustrations ; _c24 cm |
||
| 336 |
_2rdacontent _atext _btxt |
||
| 337 |
_2rdamedia _aunmediated _bn |
||
| 338 |
_2rdacarrier _avolume _bnc |
||
| 490 | 0 |
_aDevlet Planlama Teşkilatı ; _vyayın no: DPT : 2372 |
|
| 500 | _aUzmanlık tezi | ||
| 504 | _aBIB | ||
| 505 | 0 |
_tİşsizlik sigortasının yapısı.-- _tİşsizlik sigortası ve Türkiye.-- _tİşsizlik sigortasının sosyal ve ekonomik etkileri. |
|
| 650 | 0 |
_aİşsizlik sigortası _zTürkiye _987460 |
|
| 650 | 7 |
_aİşsizlik sigortası _2etuturkob _9108416 |
|
| 710 | 2 |
_aDevlet Planlama Teşkilatı (Türkiye) _934114 |
|
| 942 |
_2lcc _cBK |
||